000 00483nam a2200169Ia 4500
999 _c27923
_d27923
003 OSt
005 20201202124549.0
008 190216s9999||||xx |||||||||||||| ||und||
040 _coclc
082 _a894.8123
_bMOH/C
100 _aMohanavarma, K L
_96455
245 0 _aCinema ! Cinema ! /
_cK L Mohanavarma
260 _bPrabhath Book House,
_c1995.
_aTrivandrum:
300 _a222p
650 _aNovel
942 _cBK
_2ddc
_h894.8123
_iMOH/C
_k894.8123
_mMOH/C